00321nam a2200133Ia 4500003000400000005001700004008004100021020001500062040002000077100001700097245004000114260002500154300000800179OSt20240412143425.0170524s9999 xx 000 0 und d a0136571980 cIIMT UNIVERSITY aDecezo David 0aPersonnel Human Resource Management aNew DelhibPHIc2008 a637